Situación en salud y política de atención médica integral /
Uloženo v:
| Hlavní autor: | |
|---|---|
| Médium: | Text |
| Témata: | |
| Tagy: |
Přidat tag
Žádné tagy, Buďte první, kdo vytvoří štítek k tomuto záznamu!
|
MARC
| LEADER | 00000 a a2200000 04500 | ||
|---|---|---|---|
| 001 | 47411 | ||
| 003 | |||
| 040 | |||
| 090 | |a REV0857 1 (1) 1975 | ||
| 100 | |a Sepulveda S., Jaime | ||
| 245 | |a Situación en salud y política de atención médica integral / |c Jaime Sepulveda S. | ||
| 650 | |a SALUD | ||
| 650 | |a POLITICA DE LA SALUD | ||
| 650 | |a CENTROAMERICA | ||
| 650 | |a ATENCION MEDICA | ||
| 773 | |g volumen1, número1, mayo-agosto (1975) | ||
| 999 | |c 20723 |d 20723 | ||
